| 000 | 00454nam a22001937a 4500 | ||
|---|---|---|---|
| 005 | 20231010125114.0 | ||
| 008 | 190225b xxu||||| |||| 00| 0 spa d | ||
| 020 | _a9789562581141 | ||
| 041 | _aspa | ||
| 082 | _a155.23 C672d | ||
| 100 | _aCoelho, Paulo | ||
| 245 | _aEl demonio y la señorita Prym | ||
| 260 | _aMéxico | ||
| 260 | _bGrijalbo | ||
| 260 | _c2001 | ||
| 300 | _a207 páginas | ||
| 650 | _aSUPERACIÓN PERSONAL | ||
| 942 |
_cLIT _2ddc |
||
| 999 |
_c11675 _d11675 |
||